000 00314nam a22001337a 4500
008 170615b xxu||||| |||| 00| 0 eng d
020 _a9781604267310
041 _aeng
080 _a32
100 _a20
101 _aSHP
245 _aCONTEMPORARY CASES IN THE U.S FOREIGN POLIVY
_cCARTER, R.G
942 _2udc
_cBK
999 _c17662
_d17662